Top 5 strzelców w historii Paris Saint - Germain - Statystyki

Ogólne statystyki
  • Ten quiz został rozwiązany 36 razy
  • Średni wynik to 4 z 5
Statystyki odpowiedzi
Piłkarz Liczba Goli dla PSG % Poprawnych
Kylian Mbappe 256 goli
100%
Edinson Cavani 200 goli
91%
Neymar 118 goli
82%
Zlatan Ibrahimovic 156 goli
68%
Pauleta 109 goli
24%
Nie znaleziono quizów pasujących do podanych kryteriów
Rozkład punktacji
Procent ludzi z każdym wynikiem
Percentyl według liczby udzielonych odpowiedzi
Twoja historia wyników
Nie rozwiązałeś tego quizu